Pippi Calzaslargas / (Registro nro. 10834)

Detalles MARC
000 -LIDER
fixed length control field 00816nam a22002777a 4500
001 - NÚMERO DE CONTROL
Identificador de número de control 000379
003 - IDENTIFICACDOR DE NÚMERO DE CONTROL
control field DO-SdBNP
005 - DATE AND TIME OF LATEST TRANSACTION
control field 20180201091759.0
007 - CAMPOS FIJOS DE DESCRIPCIÓN FÍSICA
fixed length control field 000379
008 - ELEMENTOS DE LONGITUD FIJA
fixed length control field 160712b 2008 sp a ||||| |||| 00| 0 spa d
020 ## - ISBN
International Standard Book Number 9788426131928
040 ## - FUENTE DE CATALOGACIÓN
Agencia que crea de manera original el registro BPMSU
Idioma de catalogación spa
Agencia que realiza la transcripción BPMSU
092 ## - LOCALLY ASSIGNED DEWEY DECIMAL CALL NUMBER
Número de clasificación xxxxx
Número de ítem (Cutter) xxxxx
100 1# - ASIENTO PRINCIPAL -- NOMBRE PERSONAL
Nombre personal Lindgren, Astrid,
Fechas asociadas con el nombre 1907-2002.
245 10 - MENCIÓN DE TITULO
Título Pippi Calzaslargas /
Mención de responsabilidad Astrid Lindgren ; traducción de Blanca Ríos ; ilustraciones Richard Kennedy
250 ## - MENCIÓN DE EDICION
Mención de edición 6a. ed.
260 ## - PUBLICACIÓN, DISTRIBUCIÓN, ETC. (PIE DE IMPRENTA)
Lugar de publicación, distribución, etc Barcelona :
Nombre del editor, distribuidor, etc. Juventud,
Fecha de publicación, distribución, etc 2008.
300 ## - DESCRIPCIÓN FÍSICA
Extensión 136 p. :
Otros detalles físicos il. ;
Dimensiones 22 cm.
490 1# - MENCIÓN DE SERIES
Mención de serie Juventud
700 12 - ASIENTO SECUNDARIO -- NOMBRE PERSONAL
Nombre personal Kennedy, Richard,
Fechas asociadas con el nombre il.
700 12 - ASIENTO SECUNDARIO -- NOMBRE PERSONAL
Nombre personal Ríos, Blanca,
Fechas asociadas con el nombre tr.
830 #0 - ASIENTO SECUNDARIO DE SERIE--TÍTULO UNIFORME
Nombre de la parte o sección de una obra Juventud
942 ## - ADDED ENTRY ELEMENTS (KOHA)
Source of classification or shelving scheme Dewey Decimal Classification
Koha item type Libros
945 ## - INFORMACIÓN DE PROCESAMIENTO LOCAL
Información de procesamiento local Inventariado, 2018/ YL
956 ## - LOCAL ELECTRONIC LOCATION AND ACCESS (OCLC)
Método de acceso LOPEREZ
Materiales especificados 10
Enlace 20160712
Campo enlazado y núm. de secuencia BPMSU
Nombre de host 00041
Existencias
Withdrawn status Lost status Source of classification or shelving scheme Damaged status Not for loan Collection code Home library Current library Date acquired Source of acquisition Total Checkouts Barcode Date last seen Price effective from Koha item type Copy number
    Dewey Decimal Classification     Colección Juvenil General Biblioteca Pública Metropolitana Salomé Ureña Biblioteca Pública Metropolitana Salomé Ureña 07/12/2016 Donación   BPMSU16070403 07/12/2016 07/12/2016 Libros  
    Dewey Decimal Classification     Colección Juvenil General Biblioteca Pública Metropolitana Salomé Ureña Biblioteca Pública Metropolitana Salomé Ureña 07/12/2016 Donación   BPMSU16070406 07/12/2016 07/12/2016 Libros ej. 2
    Dewey Decimal Classification     Colección Juvenil General Biblioteca Pública Metropolitana Salomé Ureña Biblioteca Pública Metropolitana Salomé Ureña 07/14/2016 Donación   BPMSU16070470 07/14/2016 07/14/2016 Libros ej. 3